LEADER 01170nam a2200229 i 4500 001 000000020465 003 CaOOAMICUS 005 20201102132156.0 008 180830n it u000 u ita u 040 $aSeMil$bita 100 1 $aChomsky, Noam <1928- >.$0(OLS)http://semarc/name/6379 245 10$aSaggi linguistici /$cNoam Chomsky. 260 $aTorino :$bBoringhieri,$c[1969] 300 $av. ;$c22 cm. 650 4$aLinguistica.$0(OLS)http://semarc/subject/2222 773 0 $tBiblioteca di cultura scientifica.$dTorino : Boringhieri, 1938.$w()13912 774 0 $aChomsky, Noam <1928- >$tAnalisi formale del linguaggio.$dTorino : Boringhieri, 1969.$kBiblioteca di cultura scientifica$g1$w()71575 774 0 $aChomsky, Noam <1928- >$tGrammatica generativa trasformazionale.$dTorino : Boringhieri, 1970.$kBiblioteca di cultura scientifica$g2$w()176534 774 0 $aChomsky, Noam <1928- >$tFilosofia del linguaggio.$dTorino : Boringhieri, 1969.$kBiblioteca di cultura scientifica$g3$w()176535 996 $6245$aSaggi linguistici$9(OLS)http://semarc/title/17779 996 $6260$aTorino :$bBoringhieri$9(OLS)http://semarc/publisher/30229 LEADER 00590naa a2200145 i 4500 001 000000300829 003 CaOOAMICUS 005 20180831172710.0 008 180831n xx u000 u und u 013 $a8551 040 $aSeMil$bita 100 1 $aLazareth, William Henry <1928- >.$0(OLS)http://semarc/name/66695 245 14$aDas sola scriptura-Prinzip Martin Luthers. 773 0 $tSchriftauslegung im Widerstreit.$dFreiburg ; Basel ; Wien : Herder, 1989.$kQuaestiones disputatae $z3-451-02117-X$w()34892 996 $6245$aDas sola scriptura-Prinzip Martin Luthers$9(OLS)http://semarc/title/376843